La literatura Náhuatl Guadalupana : (Registro nro. 33653)
[ vista simple ]
| 000 -LEADER | |
|---|---|
| fixed length control field | 01381cam a2200325 i 4500 |
| 001 - CONTROL NUMBER | |
| control field | 33653 |
| 003 - CONTROL NUMBER IDENTIFIER | |
| control field | Mx-PuUPA |
| 005 - DATE AND TIME OF LATEST TRANSACTION | |
| control field | 20250718135947.0 |
| 008 - FIXED-LENGTH DATA ELEMENTS--GENERAL INFORMATION | |
| fixed length control field | 140415s2007 mx ao gr 000 0 spa d |
| 020 ## - INTERNATIONAL STANDARD BOOK NUMBER | |
| International Standard Book Number | 9709456601 |
| 040 ## - CATALOGING SOURCE | |
| Original cataloging agency | Mx-PuUPA |
| Language of cataloging | spa |
| Transcribing agency | Mx-PuUPA |
| Modifying agency | Mx-PuUPA |
| Description conventions | rda |
| 041 0# - LANGUAGE CODE | |
| Language code of text/sound track or separate title | spa |
| 100 1# - MAIN ENTRY--PERSONAL NAME | |
| Personal name | Campa Mendoza, Víctor, |
| Dates associated with a name | 1942- |
| 9 (RLIN) | 17342 |
| Relator term | autor |
| 245 13 - TITLE STATEMENT | |
| Title | La literatura Náhuatl Guadalupana : |
| Remainder of title | el Nican Mopohua, el ayate códice / |
| Statement of responsibility, etc. | Víctor Campa Mendoza |
| 250 ## - EDITION STATEMENT | |
| Edition statement | Primera edición |
| 264 #1 - PRODUCTION, PUBLICATION, DISTRIBUTION, MANUFACTURE, AND COPYRIGHT NOTICE | |
| Place of production, publication, distribution, manufacture | Durango, México : |
| Name of producer, publisher, distributor, manufacturer | Instituto Tecnológico de Durango, |
| Date of production, publication, distribution, manufacture, or copyright notice | 2007 |
| 300 ## - PHYSICAL DESCRIPTION | |
| Extent | 443 páginas : |
| Other physical details | ilustraciones, fotografías (principalmente en color) ; |
| Dimensions | 28 cm |
| 336 ## - CONTENT TYPE | |
| Fuente | rdacontent |
| Content type term | texto |
| Content type code | txt |
| 337 ## - MEDIA TYPE | |
| Source | rdamedia |
| Media type term | sin medio |
| Media type code | n |
| 338 ## - CARRIER TYPE | |
| Source | rdacarrier |
| Carrier type term | volumen |
| Carrier type code | nc |
| 500 ## - GENERAL NOTE | |
| General note | "El Universalismo Guadalupano su relación con las culturas religiosas: Maya, Teotihuacana, Azteca, Peruana, Egipcia, Sumeria, Israelita, Hindú, China, El antiguo y nuevo testamento" .-- Cubierta |
| 600 14 - SUBJECT ADDED ENTRY--PERSONAL NAME | |
| Personal name | Valeriano, Antonio, |
| Dates associated with a name | aproximadamente 1520-1605, |
| General subdivision | Nicán Mopóhua |
| 600 04 - SUBJECT ADDED ENTRY--PERSONAL NAME | |
| Personal name | Juan Diego, |
| Titles and other words associated with a name | Santo, |
| Dates associated with a name | 1474-1548 |
| 600 04 - SUBJECT ADDED ENTRY--PERSONAL NAME | |
| Personal name | Nuestra Señora de Guadalupe |
| 650 #7 - SUBJECT ADDED ENTRY--TOPICAL TERM | |
| Source of heading or term | armarc |
| Topical term or geographic name entry element | Literatura náhuatl |
| General subdivision | Textos |
| 651 #4 - SUBJECT ADDED ENTRY--GEOGRAPHIC NAME | |
| Geographic name | México |
| General subdivision | Religión |
| 942 ## - ADDED ENTRY ELEMENTS (KOHA) | |
| Source of classification or shelving scheme | Dewey Decimal Classification |
| Koha item type | Libro |
| Classification part | 232.917097253 |
| Item part | C72 |
| Withdrawn status | Lost status | Source of classification or shelving scheme | Damaged status | Not for loan | Collection code | Home library | Current library | Shelving location | Date acquired | Source of acquisition | Total Checkouts | Full call number | Barcode | Date last seen | Price effective from | Koha item type |
|---|---|---|---|---|---|---|---|---|---|---|---|---|---|---|---|---|
| Dewey Decimal Classification | General | Centro de Estudios Guadalupanos | Centro de Estudios Guadalupanos | Sala general | 03/12/2013 | Compra | 232.917097253 C72 2007 | 47008 | 05/01/2026 | 03/12/2013 | Libro |